00553nam a2200181Ia 4500003000400000008004100004040001600045082001800061100002200079245006200101260003200163300001100195490005800206650001900264650002200283650003400305650003200339GCL140319s9999 xx 000 0 ara d aGCL / cGCL04a796.33bش ز1 aشفيق خالد10aزمالك 1984 بطل الدورى / cشفيق خالد a[S.N] : bE.M.M.E ، c1984 a113 ص aالهيئة العامة للاستعلاماتv004aالرياضة04aكرة القدم04aكرة القدم, نوادى04aالنادى الزمالك